| 000 -ლიდერი |
| ფიქსირებული სიგრძის საკონტროლო ველი |
01314nam a2200229Ia 4500 |
| 001 - საკონტროლო ნომერი |
| საკონტროლო ველი |
21986 |
| 003 - საკონტროლო ნომრის იდენტიფიკატორი |
| საკონტროლო ველი |
GE_BSU |
| 005 - ბოლო ოპერაციის თარიღი და დრო |
| საკონტროლო ველი |
20220926104913.0 |
| 008 - ფიქსირებული სიგრძის მონაცემთა ელემენტები - ზოგადი ინფორმაცია |
| ფიქსირებული სიგრძის საკონტროლო ველი |
181216s2003||||ge |||||||||||||| ||geo|| |
| 040 ## - კატალოგიზაციის წყარო |
| Transcribing agency |
GE_BSU |
| 041 ## - ენის კოდი |
| Language code of text/sound track or separate title |
geo |
| 080 ## - უნივერსალური ათობითი კლასიფიკაციის ინდექსი |
| Universal Decimal Classification number |
821.111-32 ვ -20 |
| 245 ## - ცნობა სათაურის შესახებ |
| Title |
ველური ალუბლის ხე : |
| Remainder of title |
თანამედროვე ინგლისელ მწერალთა ნაწარმოებები / |
| Statement of responsibility, etc |
ინგლ. თარგმ. ზურღან გემაზაშვილმა. |
| 264 ## - წარმოების, გამოცემის, დისტრიბუციის და სხვა ცნობები |
| გამოცემის, წარმოების, დისტრიბუციის... ადგილი |
ბათუმი : |
| გამოცემის, წარმოების, დისტრიბუციის... სახელწოდება |
საბჭოთა აჭარა, |
| გამოცემის, წარმოების, დისტრიბუციის... თარიღი |
1983. |
| 300 ## - ფიზიკური აღწერა |
| Extent |
132 გვ. ; |
| Dimensions |
22 სმ. |
| 653 ## - INDEX TERM--UNCONTROLLED |
| Uncontrolled term |
ველური ალუბლის ხე |
| 653 ## - INDEX TERM--UNCONTROLLED |
| Uncontrolled term |
მხატვრული ლიტერატურა |
| 700 ## - ADDED ENTRY--PERSONAL NAME |
| Personal name |
გემაზაშვილი, ზურღან |
| Relator term |
მთარგმნელი |
| 9 (RLIN) |
14701 |
| 710 ## - ADDED ENTRY--CORPORATE NAME |
| Corporate name or jurisdiction name as entry element |
საქართველოს მწერალთა კავშირთან არსებული მხატვრული თარგმანისა და ლიტერატურის ურთიერთობათაბათა მთავარი სარედაქციო კოლეგია |
| 9 (RLIN) |
14702 |
| 942 ## - ADDED ENTRY ELEMENTS (KOHA) |
| Koha item type |
წიგნი |
| Source of classification or shelving scheme |
|